Statistiques concernant États insulaires souverain

Cliquez ici pour prendre le quiz!

Statistiques générales

  • Ce quiz a été pris 53 fois
  • Le résultat moyen est 43 sur 47

Statistiques - réponses

Réponses% Correct
Islande
100%
Japon
100%
Madagascar
100%
Taïwan
100%
Chypre
98%
Fidji
98%
Irlande
98%
Malte
98%
Tuvalu
98%
Cap-Vert
96%
Comores
96%
Cuba
96%
Indonésie
96%
Maurice
96%
Nouvelle-Zélande
96%
République dominicaine
96%
Royaume-Uni
96%
Sao Tomé-et-Principe
96%
Sri Lanka
96%
Vanuatu
96%
Bahamas
94%
Barbade
94%
Seychelles
94%
Dominique
92%
Haïti
92%
Maldives
92%
Samoa
92%
Antigua-et-Barbuda
90%
Îles Marshall
90%
Kiribati
90%
Nauru
90%
Palaos
90%
Sainte-Lucie
90%
Tonga
90%
Grenade
88%
Jamaïque
88%
Saint-Vincent-et-les-Grenadines
88%
Micronésie
86%
Saint-Christophe-et-Niévès
86%
Papouasie-Nouvelle-Guinée
84%
Philippines
84%
Timor oriental
84%
Trinité-et-Tobago
84%
Îles Salomon
78%
Singapour
78%
Bahreïn
70%
Brunei
70%

Distribution des résultats

Percentile par nombre de réponses

% des personnes avec chaque résultat

Votre développement - résultats

Vous n’avez pas pris ce quiz